000 00842nam a22002897a 4500
003 CHAP
005 20220329134643.0
008 971013s1963 r 00010 d
010 _a23662
011 _a24634
035 _a28733
040 _cCHAP
082 _a519.92
_bC48
100 0 0 _aChung, An-min.
_922977
245 _aLinear programming
260 _aColumbus, Ohio :
_bMerrill,
_c1963
300 _a338 p
590 _aBATCH-UPD
_b10
_c20130110
_lUCH01
_h0116
590 _aBATCH-UPD
_b10
_c20130110
_lUCH01
_h1948
590 _aBATCH-UPD
_b10
_c20130410
_lUCH01
_h1310
590 _aBATCH-UPD
_b10
_c20130914
_lUCH01
_h0929
590 _aCONVERSION
_b10
_c20130109
_lUCH01
_h1314
650 1 4 _aProgramación lineal.
_992371
901 _aBK
942 _cLIBRO
949 _a519.92 C48
_bBC
_cLIBRO
_d33724000445318
_eLIBRO
_h7551
_i28733
_si
999 _c23662
_d23662